Vida y obra de Andrés Bello.

Bewaard in:
Bibliografische gegevens
Hoofdauteur: Guzmán Brito, Alejandro Ángel (autor)
Formaat: Boek
Taal:Engels
Gepubliceerd in: Bogotá, Colombia: Ibañez; Centro de Estudios de Derecho Comparado, 2019.
Editie:Tercera edición.
Onderwerpen:
Tags: Voeg label toe
Geen labels, Wees de eerste die dit record labelt!

MARC

LEADER 00000nam a22000007a 4500
003 CL-VaPUC
005 20240403173752.0
008 200113b ||||| |||| 00| 0 eng d
999 |c 376503  |d 376501 
020 |a 978-958-791-024-7 
040 |c Pontificia Universidad Católica de Valparaíso 
082 |a 340.023 GUZ 2019 
100 |a Guzmán Brito, Alejandro Ángel  |e autor  |9 388 
245 |a Vida y obra de Andrés Bello. 
250 |a Tercera edición. 
260 |a Bogotá, Colombia:  |b Ibañez;  |b Centro de Estudios de Derecho Comparado,  |c 2019.  
300 |a 199 páginas. 
500 |a c.2 Donación Familia Prof. Alejandro Guzmán Brito.  
583 |c 20200113  |k Valeria Valenzuela 
650 0 0 |a BELLO, ANDRES 1781-1865  |9 605723 
650 0 0 |a Biografías  |9 255210 
852 |a BIBCUR 
942 |2 ddc  |c BK  |n 0 
952 |0 0  |1 0  |2 ddc  |4 0  |6 340_023000000000000_GUZ_2019  |7 0  |8 A  |9 495978  |a BIBDER  |b BIBDER  |d 2020-01-13  |i 5613752  |l 5  |o 340.023 GUZ 2019  |p 5613752  |r 2024-04-24  |s 2024-04-23  |t 1  |w 2020-01-13  |y BK  |k DER 
952 |0 0  |1 0  |2 ddc  |4 0  |6 340_023000000000000_GUZ_2019  |7 1  |8 C_AGB  |9 579987  |a BIBDER  |b BIBDER  |d 2021-12-29  |e Donación   |i 563301K   |o 340.023 GUZ 2019  |p 563301K  |r 2023-01-25  |t 2  |w 2021-12-29  |y BK_US  |k AGB